| 000 | 00285 a2200121 4500 | ||
|---|---|---|---|
| 999 |
_c322045 _d322045 |
||
| 001 | 86972 | ||
| 003 | NUST | ||
| 005 | 20180124121319.0 | ||
| 008 | 180124b xxu||||| |||| 00| 0 eng d | ||
| 082 | _a923.2 IMR | ||
| 100 |
_aImran Khan _99287 |
||
| 245 |
_aPakistan,A Personal History _hEnglish |
||
| 260 |
_aLondon _bBantam Books _c2012 |
||
| 300 | _a432p | ||
| 942 |
_aCAE NUST _cBK _k923.2 IMR _2ddc |
||